Gabo: constructions, sculpture, paintings, drawings , engravings
Enregistré dans:
| Format: | Livre |
|---|---|
| Langue: | anglais |
| Publié: |
Londres
Lund Humphries
1957
|
| Sujets: | |
| Tags: |
Ajouter un tag
Pas de tags, Soyez le premier à ajouter un tag!
|
MARC
| LEADER | 00000nam a2200000 a 4500 | ||
|---|---|---|---|
| 001 | UCV9719 | ||
| 003 | CL-VaPUC | ||
| 008 | 930413e19570000UK |||||||||||||||||eng|d | ||
| 082 | 0 | 4 | |a 730.092 |b GAB |2 21 |
| 245 | 1 | 0 | |a Gabo: constructions, sculpture, paintings, drawings , engravings |
| 300 | |a 10 p | ||
| 942 | |c BK | ||
| 945 | |d 19930413 00:00:00 | ||
| 260 | |a Londres |b Lund Humphries |c 1957 | ||
| 600 | 0 | 7 | |a GABO, NAUM |2 CL-VaPUC |9 268606 |
| 650 | 0 | |a Escultores |9 267159 | |
| 583 | |a last modification |c 19930413 00:00:00 |k Rodrigo Vera | ||
| 999 | |c 215019 |d 215017 | ||
| 952 | |0 0 |1 0 |4 0 |6 730_092000000000000_GAB_1957 |7 0 |8 F |9 198911 |a BIBARQ |b BIBARQ |d 2019-11-14 |i 2662736 |o 730.092 GAB 1957 |p 2662736 |r 2025-01-20 |w 2019-11-14 |y BK_F |k ARQ | ||